| 000 | 00674nam a22002057a 4500 | ||
|---|---|---|---|
| 003 | DO-SdBNP | ||
| 005 | 20220927101127.0 | ||
| 007 | ta | ||
| 008 | 110713s1938 dr r 000 0 spa d | ||
| 040 |
_aDO-SdBNP _bspa _cBNPHU |
||
| 082 |
_axxxx _bxxx |
||
| 110 |
_916446 _aRepública Dominicana. _bSecretaría de Estado de Agricultura |
||
| 245 | 1 | 3 | _aLo que puede hacerse con el maíz / |
| 260 |
_aSanto Domingo : _bSecretaria de Estado de Agricultura, Industria y Trabajo, _c1938. |
||
| 300 |
_a26 p. ; _c22 cm. |
||
| 500 | _aNegociado de publicaciones y difusión de enseñanza agrícola. | ||
| 590 | _aInventariado, 2022/ YL | ||
| 910 | _aYLockward | ||
| 942 |
_2ddc _cLF2 |
||
| 999 |
_c52477 _d52477 |
||